| 000 | 00681nam a2200181 a 4500 | ||
|---|---|---|---|
| 001 | 016076407 | ||
| 008 | 181004s2006 ||||||||||||||||| || u | ||
| 020 | _a190479873X (hbk.) | ||
| 050 | _aTP 248.3 Adv | ||
| 100 | _aMukhopadhyay, S. N | ||
| 245 | 1 | 0 |
_aAdvanced process biotechnology _cedited by S. N. Mukhopadhyay |
| 260 |
_aTunbridge Wells: _bAnshan Ltd _c2006 |
||
| 300 | _axiv, 382p.: ill. | ||
| 500 | _aIncludes bibliographical references | ||
| 650 | 0 | _aBIOTECHNOLOGY | |
| 650 | 0 | _aBIOCHEMICAL ENGINEERING | |
| 995 |
_FCBU-MAIN LIBRARY (Kitwe) _I57.10 _M1 _UAVAILABLE _WOct 4, 2018 _ZMain Library Open Access Collection |
||
| 999 |
_c33582 _d33582 |
||